000 00453nam a2200181Ia 4500
005 20250603145937.0
008 250603s9999 xx 000 0 und d
020 _a0- 673- 27071- 8
050 _aPS 507 .U55/
100 _aMiller, James E.
245 4 _aThe United States in literature : America reads
260 _aIllinois
260 _bScott, Foresman and Company
260 _c1989
300 _a1003 p
650 _aIllinois
942 _cBK
999 _c43318
_d43318